ARRUPE JESUIT UNIVERSITY

CORONAVIRUS -STOP THE SPREAD - CLEAN,DISINFECT,COVER

Nzerumbawiri : (Record no. 127716)

MARC details
000 -LEADER
fixed length control field 01132cam a2200301 a 4500
001 - CONTROL NUMBER
control field 13632014
003 - CONTROL NUMBER IDENTIFIER
control field ARRUPE
005 - DATE AND TIME OF LATEST TRANSACTION
control field 20180320120217.0
008 - FIXED-LENGTH DATA ELEMENTS--GENERAL INFORMATION
fixed length control field 040123s2003 mz a b 000 0 por
010 ## - LIBRARY OF CONGRESS CONTROL NUMBER
LC control number 2003408667
035 ## - SYSTEM CONTROL NUMBER
System control number (DLC) 2003408667
040 ## - CATALOGING SOURCE
Original cataloging agency DLC
Transcribing agency DLC
Modifying agency DLC
041 0# - LANGUAGE CODE
Language code of text/sound track or separate title por
-- bnt
042 ## - AUTHENTICATION CODE
Authentication code lcode
050 00 - LIBRARY OF CONGRESS CALL NUMBER
Classification number PN6519.S35
Item number P36 2003
082 00 - DEWEY DECIMAL CLASSIFICATION NUMBER
Classification number 398.9/96391
Edition number 22
300 ## - PHYSICAL DESCRIPTION
Dimensions 21 cm.
100 1# - MAIN ENTRY--PERSONAL NAME
Personal name Pampalk, Josef.
9 (RLIN) 40792
245 10 - TITLE STATEMENT
Title Nzerumbawiri :
Remainder of title provérbios Sena : dinamizar o desenvolvimento comunitário valorizando a literatura oral /
Statement of responsibility, etc José Pampalk.
260 ## - PUBLICATION, DISTRIBUTION, ETC. (IMPRINT)
Place of publication, distribution, etc Maputo, Moçambique :
Name of publisher, distributor, etc Paulinas,
Date of publication, distribution, etc 2003.
300 ## - PHYSICAL DESCRIPTION
Extent xvi, 160 p. :
504 ## - BIBLIOGRAPHY, ETC. NOTE
Bibliography, etc Includes bibliographical references (p. 129-138).
546 ## - LANGUAGE NOTE
Language note Portuguese and Sena.
650 #0 - SUBJECT ADDED ENTRY--TOPICAL TERM
Topical term or geographic name as entry element Proverbs, Sena.
9 (RLIN) 40793
650 #0 - SUBJECT ADDED ENTRY--TOPICAL TERM
Topical term or geographic name as entry element Proverbs, Sena
Form subdivision Translations into Portuguese.
9 (RLIN) 40794
906 ## - LOCAL DATA ELEMENT F, LDF (RLIN)
a 7
b cbc
c origode
d 3
e ncip
f 20
g y-gencatlg
942 ## - ADDED ENTRY ELEMENTS (KOHA)
Source of classification or shelving scheme Library of Congress Classification
Koha item type Monograph ( Printed materials)
Holdings
Withdrawn status Lost status Source of classification or shelving scheme Damaged status Not for loan Collection code Home library Current library Shelving location Date acquired Total Checkouts Full call number Barcode Date last seen Price effective from Koha item type
    Library of Congress Classification     Main Collection ARRUPE LIBRARY ARRUPE LIBRARY Main Collection 20/03/2018   PN6519.S35 P36 2003 46600001380 20/03/2018 20/03/2018 Monograph ( Printed materials)

 

Arrupe Library. PO Box MP320 Mt Pleasant, Harare, Zimbabwe
263 242 745411|librarian@aju.ac.zw